Comedias

I tiakina i:
Ngā taipitopito rārangi puna kōrero
Kaituhi matua: Terencio Afro, Publio (autor)
Hōputu: Pukapuka
Reo:Pāniora
I whakaputaina: Ciudad de México Poruúa 1980
Putanga:3a. ed
Rangatū:Sepan cuantos, 253
Ngā marau:
Ngā Tūtohu: Tāpirihia he Tūtohu
Kāore He Tūtohu, Me noho koe te mea tuatahi ki te tūtohu i tēnei pūkete!

MARC

LEADER 00000nam a2200000 a 4500
001 UCV7559
003 CL-VaPUC
008 880926e19800000MX |||||||||||||||||spa|d
082 0 4 |a 872  |b TER  |2 21 
100 |a Terencio Afro, Publio  |e autor  |9 301684 
245 1 0 |a Comedias 
250 |a 3a. ed 
300 |a 210 p 
942 |c BK 
945 |d 19880926 00:00:00  |a oaravena 
260 |a Ciudad de México  |b Poruúa   |c 1980 
500 |a Contiene: La Adriana -- El enuco -- El atormentador de si mismo -- Los hermanos -- La suegra -- Formios 
650 7 |a COMEDIAS LATINAS  |2 CL-VaPUC  |9 265079 
650 7 |a TEATRO LATINO  |2 CL-VaPUC  |9 265080 
583 |a last modification  |c 20120119 09:00:46  |k Rodrigo Vera 
490 0 |a Sepan cuantos, 253 
999 |c 213213  |d 213211 
952 |0 0  |1 0  |4 0  |6 872_000000000000000_TER_1980  |7 0  |8 P  |9 195348  |a BIBARQ  |b BIBARQ  |d 2019-11-14  |i 2634236  |o 872 TER 1980  |p 2634236  |r 2025-01-20  |w 2019-11-14  |y BK  |k ARQ 
952 |0 0  |1 0  |4 0  |6 872_000000000000000_TER_1980  |7 0  |8 A  |9 195349  |a BIBEDU  |b BIBEDU  |d 2019-11-14  |i 2634244  |o 872 TER 1980  |p 2634244  |r 2019-11-14  |w 2019-11-14  |y BK  |k LIT 
952 |0 0  |1 0  |4 0  |6 872_000000000000000_TER_1980  |7 0  |8 A  |9 195350  |a BIBEDU  |b BIBEDU  |d 2019-11-14  |i 2634252  |o 872 TER 1980  |p 2634252  |r 2019-11-14  |w 2019-11-14  |y BK  |k LIT 
952 |0 0  |1 0  |4 0  |6 872_000000000000000_TER_1980  |7 0  |8 A  |9 195351  |a BIBEDU  |b BIBEDU  |d 2019-11-14  |i 2634260  |o 872 TER 1980  |p 2634260  |r 2019-11-14  |w 2019-11-14  |y BK  |k LIT 
952 |0 0  |1 0  |4 0  |6 872_000000000000000_TER_1980  |7 0  |8 A  |9 195352  |a BIBEDU  |b BIBEDU  |d 2019-11-14  |i 2979748  |o 872 TER 1980  |p 2979748  |r 2019-11-14  |w 2019-11-14  |y BK  |k LIT